Estadísticas para Rosco de Pasapalabra #74

Haz click aquí para intentar la prueba.

Estadísticas generales

  • Esta prueba ha sido intentada 80 veces
  • La puntuación promedio es 14 de 25

Estadísticas de respuestas

InicialDefiniciónRespuesta% Correcto
AArma formada por una vara flexible sujeta por sus extremos con una cuerda, que sirve para lanzar flechasArco
100%
FSerie de personas o cosas colocadas en líneaFila
94%
NJugo azucarado que hay en el fondo de la corola o el cáliz de las flores, que se chupan los insectosNéctar
93%
CSuperficie dura que se forma sobre una herida o un grano al secarseCostra
91%
ESe dice de la persona que tiene las facultades mentales trastornadas por haber bebido mucho alcoholEbrio
87%
DUnidad de longitud equivalente a diez metrosDecámetro
85%
MPoner una cosa dentro de otro o en el interior de algún sitioMeter
85%
TPieza de felpa, algodón u otro material, por lo general rectangular, que se usa para secarse el cuerpoToalla
85%
USigla del sindicato español Unión General de TrabajadoresUGT
83%
GTrazo dibujado moviendo el lápiz en distintas direcciones, sin tratar de representar nadaGarabato
80%
VInstrumento musical de cuerda y arco, de forma igual a la del violín, pero de tamaño algo mayor y sonido más graveViola
76%
Contiene la QÓrgano respiratorio de los peces, constituido por láminas o filamentosBranquia
74%
ZGerundio del verbo zurrarZurrando
74%
RVelocidad impetuosa o movimiento aceleradoRapidez
65%
JAlegría muy intensa, especialmente la que se manifiesta con signos exterioresJúbilo
61%
IDebilidad extrema por falta de alimentoInanición
59%
BIncensario, particularmente el grande que cuelga del techo de las iglesiasBotafumeiro
52%
LFrase que expresa un pensamiento que sirve de guía a la conducta de alguienLema
43%
Contiene la ÑTejido hecho con cañas que se utiliza especialmente para cubrir techoCañizo
15%
OAceitoso, que tiene aceiteOleaginoso
9%
HTelilla que reviste interiormente la cáscara de los huevos de las avesHálara
6%
Contiene la XImperturbabilidad, serenidadAtaraxia
4%
Contiene la YApellido del lingüista autor del libro "Función, norma y valor estéticos como hechos sociales"Mukařovský
4%
POcéano primitivo de fines del Paleozoico, que rodeaba el supercontinente PangeaPantalasa
4%
SMasa de citoplasma que comprende varios núcleosSincitio
2%

Distribución de puntuación

Porcentaje por número respondido

Porcentaje de gente con cada puntuación

Historial de tus puntuaciones

No has intentado esta prueba.